书目信息 |
| 题名: |
宋代官吏制度
|
|
| 作者: | 祝丰年 , 祝小惠 著 | |
| 分册: | ||
| 出版信息: | 北京 中国社会出版社 2007.11 |
|
| 页数: | 343页 | |
| 开本: | 26cm | |
| 丛书名: | ||
| 单 册: | ||
| 中图分类: | D691.42 | |
| 科图分类: | ||
| 主题词: | 政治--中国 | |
| 电子资源: | ||
| ISBN: | 978-7-5087-2011-1 | |
| 000 | 00641nam0 2200229 45 | |
| 001 | 0931053266 | |
| 005 | 20091015083858.50 | |
| 010 | @a978-7-5087-2011-1@dCNY33.00 | |
| 100 | @a20090515d2007 ekmy0 y0120 ea | |
| 102 | @aCN@b130000 | |
| 102 | @aCN@b110000 | |
| 105 | @ay z 000yy | |
| 200 | 1 | @a宋代官吏制度@f祝丰年,祝小惠著@Fzhu feng nian,zhu xiao hui zhu |
| 210 | @a北京@c中国社会出版社@d2007.11 | |
| 215 | @a343页@d26cm | |
| 606 | 0 | @a政治@x中国 |
| 690 | @aD691.42@v4 | |
| 701 | 0 | @a祝丰年@Azhu feng nian@4著 |
| 701 | 0 | @a祝小惠@Azhu xiao hui@4著 |
| 801 | 0 | @aCN@c20091015 |
| 905 | @a10447@dD691.42@eZ9152 | |
| 906 | @d33@n3@r1 | |
| 宋代官吏制度/祝丰年,祝小惠著.-北京:中国社会出版社,2007.11 |
| 343页;26cm |
| ISBN 978-7-5087-2011-1:CNY33.00 |
| ● |
| 相关链接 |
|
|
|
正题名:宋代官吏制度
索取号:D691.42/Z9152
 
预约/预借
| 序号 | 登录号 | 条形码 | 馆藏地/架位号 | 状态 | 备注 |
| 1 | 654895 | 206548958 | 社科库509/509社科库 77排5列3层/ [索取号:D691.42/Z9152] | 在馆 | |
| 2 | 654896 | 206548967 | 社科库509/509社科库 77排5列3层/ [索取号:D691.42/Z9152] | 在馆 | |
| 3 | 654897 | 206548976 | 社科库509/509社科库 77排5列3层/ [索取号:D691.42/Z9152] | 在馆 |